Fast Typing Keyboard Letters (Qwerty Etc.) - Statistics

General Stats
  • This quiz has been taken 677 times
  • The average score is 22 of 26
Answer Stats
Letter % Correct
Q
100%
W
99%
E
98%
R
97%
T
95%
Y
95%
U
92%
I
91%
O
91%
P
88%
A
83%
D
82%
S
82%
F
81%
G
80%
H
80%
J
80%
K
79%
L
78%
Z
77%
C
76%
V
76%
X
76%
B
75%
M
75%
N
75%
No matching quizzes found
Score Distribution
Percent of People with Each Score
Percentile by Number Answered
Your Score History
You have not taken this quiz